000 01385cam a2200373 a 4500
001 4519713
003 OSt
005 20230920155742.0
008 990211s1996 ii b 000 0 eng
010 _a 98915923
020 _a9788173041618
020 _a8173041415
025 _aI-E-98-915923; 61-91
037 _bLibrary of Congress -- New Delhi Field Office
_cRs250.00
040 _aDLC
_cDLC
_dDLC
042 _alcode
043 _aa-ii---
050 0 0 _aDS435
_b.M818 1996
082 0 0 _a954.0072
_bMUK/C
100 1 _aMukherjee, S. N.
_q(Soumyendra Nath)
_99541
245 1 0 _aCitizen historian :
_bexplorations in historiography /
_cS.N. Mukherjee.
260 _aNew Delhi :
_bManohar Publishers & Distributors ;
_aLeichhardt, NSW :
_bSydney Association for Studies in Society and Culture,
_c1996.
300 _axiv, 148 p. ;
_c22 cm.
490 1 _aSydney studies in society and culture,
_x0812-6402 ;
_v13
504 _aIncludes bibliographical references.
650 0 _aHistorians
_zIndia.
650 0 _aHistory
_xMethodology.
651 0 _aIndia
_xHistoriography.
710 2 _aSydney Association for Studies in Society and Culture.
830 0 _aSydney studies in society and culture ;
_vno. 13.
906 _a7
_bcbc
_corigode
_d3
_encip
_f19
_gy-gencatlg
942 _2ddc
_cBK
_h954.0072
_iMUK/C
_k954.0072
_mMUK/C
999 _c42256
_d42256